|
|
|
|
| LEADER |
00966ncm a22002652a 4500 |
| 001 |
001091722 |
| 003 |
CZ BrMZK |
| 005 |
20110216100907.0 |
| 007 |
qu |
| 008 |
021023s1960 xr f zxx d |
| 040 |
|
|
|a BOA001
|b cze
|c BOA001
|
| 072 |
|
7 |
|a 785
|x Instrumentální hudba. Symfonická hudba. Hudba pro více nástrojů
|2 Konspekt
|9 9
|
| 100 |
1 |
|
|a Bažant, Jiří,
|d 1924-2011
|7 jn19990201016
|4 cmp
|
| 245 |
1 |
0 |
|a Dobrý večer
|h [hudebnina] :
|b foxtrot /
|c Jiří Bažant. Regina : foxtrot / Mojmír Smékal
|
| 250 |
|
|
|a 1. vyd. SNKLHU
|
| 260 |
|
|
|a Praha :
|b Státní nakladatelství krásné literatury,
|c 1960
|
| 300 |
|
|
|a 7 hlasů
|
| 490 |
1 |
|
|a Taneční orchestr ;
|v 137
|
| 700 |
1 |
|
|a Smékal, Mojmír,
|d 1920-1995
|7 ola200200037
|4 cmp
|
| 740 |
0 |
2 |
|a Regina
|
| 830 |
|
0 |
|a Taneční orchestr
|
| 910 |
|
|
|a BOA001
|b Mus3-0443.739
|
| 990 |
|
|
|a MU
|
| 991 |
|
|
|b 201003
|
| 996 |
6 |
|
|b 2619451360
|c Mus3-0443.739
|l MZK
|r Sklad / do 1 hodiny
|n 0
|w 001116699
|u 000010
|a 1
|e BOA001
|j MZK50
|s P
|